[Event "GRENKE Chess Open 2024"]
[Site "Karlsruhe"]
[Date "2024.03.31"]
[Round "7.13"]
[White "Sowinski, Pawel"]
[Black "Hoeglauer, Patrick"]
[Result "1-0"]
[WhiteElo "2387"]
[BlackElo "2256"]
[Annotator "ChessBase"]
[PlyCount "79"]
[EventDate "2024.03.28"]
[EventType "swiss"]
[EventCountry "GER"]
[SourceTitle "playchess.com"]
[Source "ChessBase"]
[SourceQuality "1"]

1. e4 c5 2. Nc3 e6 3. d4 cxd4 4. Qxd4 Nc6 5. Qd3 Nf6 6. Bf4 Bb4 7. Bd6 Bxd6 8. Qxd6 Qe7 9. Qd2 O-O 10. Bd3 d5 11. Nf3 dxe4 12. Nxe4 Rd8 13. Nxf6+ Qxf6 14. O-O-O b6 15. Qg5 Qxg5+ 16. Nxg5 h6 17. Be4 Bb7 18. Nf3 f5 19. Bxc6 Bxc6 20. Nd4 Bxg2 21. Nxe6 Re8 22. Nxg7 Bxh1 23. Nxe8 Rxe8 24. Rxh1 Re2 25. Rf1 f4 26. f3 Kf7 27. Rd1 Ke6 28. Rd4 Ke5 29. Rd7 Rxh2 30. Rxa7 Rf2 31. Rh7 Rh2 32. a4 Kd4 33. Re7 Rh1+ 34. Kd2 Rh2+ 35. Re2 Rxe2+ 36. Kxe2 Kc4 37. Kf2 h5 38. Kg2 Kd4 39. b4 Kc4 40. c3 1-0

[Event "GRENKE Chess Open 2024"]
[Site "Karlsruhe"]
[Date "2024.03.31"]
[Round "7.14"]
[White "Nemec, Jachym"]
[Black "Santos Latasa, Jaime"]
[Result "1/2-1/2"]
[WhiteElo "2412"]
[BlackElo "2621"]
[Annotator "TA"]
[PlyCount "38"]
[EventDate "2024.03.28"]
[EventType "swiss"]
[EventCountry "GER"]
[SourceTitle "playchess.com"]
[Source "ChessBase"]
[SourceQuality "1"]

1. d4 Nf6 2. c4 e6 3. Nc3 d5 4. cxd5 exd5 5. Bg5 Be7 6. e3 c6 7. Bd3 Nbd7 8. h3 Nf8 9. Nf3 Ne6 10. Bh4 g6 11. O-O O-O 12. Qc2 a5 13. a3 Nh5 14. Bxe7 Qxe7 15. Rfe1 Nf6 16. Rab1 Bd7 17. Na4 Rfd8 18. b4 axb4 19. axb4 Ne8 1/2-1/2

[Event "GRENKE Chess Open 2024"]
[Site "Karlsruhe"]
[Date "2024.03.31"]
[Round "7.14"]
[White "Colpe, Malte"]
[Black "Herbrig, Alexander"]
[Result "1/2-1/2"]
[WhiteElo "2384"]
[BlackElo "2249"]
[Annotator "RC"]
[PlyCount "172"]
[EventDate "2024.03.28"]
[EventType "swiss"]
[EventCountry "GER"]
[SourceTitle "playchess.com"]
[Source "ChessBase"]
[SourceQuality "1"]

1. d4 Nf6 2. Nf3 d5 3. c3 g6 4. h3 Bg7 5. Bf4 O-O 6. e3 b6 7. Nbd2 c5 8. Be2 Nc6 9. O-O Nd7 10. Qb3 Bb7 11. Bh2 e5 12. dxe5 Ndxe5 13. Rad1 Qe7 14. Nxe5 Nxe5 15. Nf3 Rad8 16. Nxe5 Bxe5 17. Bxe5 Qxe5 18. Bf3 Rd6 19. Rd2 Rfd8 20. Rfd1 Bc6 21. Qa3 a5 22. Qb3 b5 23. Qa3 d4 24. cxd4 cxd4 25. exd4 Qe8 26. d5 a4 27. Qc3 Bb7 28. a3 Rc8 29. Qb4 Qd7 30. Bg4 f5 31. Be2 Ba6 32. b3 axb3 33. Qxb3 Rc5 34. Bf3 Bb7 35. Rd4 Kf7 36. h4 Qc7 37. Qe3 Qe7 38. Qh6 Kg8 39. R4d3 Rc4 40. Re3 Qf8 41. Qg5 h6 42. Qe7 Qxe7 43. Rxe7 Bc8 44. Ra7 Bd7 45. g3 Kf7 46. Re1 Rc3 47. Bg2 Rc8 48. f4 Kf6 49. Kf2 Rc2+ 50. Re2 Rc3 51. Bf3 h5 52. Re3 Rc2+ 53. Re2 Rc3 54. Ra8 Kf7 55. Bg2 Kf6 56. Rf8+ Kg7 57. Rd8 Kf7 58. Ra8 Kf6 59. Rd2 Kf7 60. Ra5 Ke7 61. Bf1 Kd8 62. Bxb5 Bxb5 63. Rxb5 Rxa3 64. Rdb2 Ke7 65. Rb7+ Kf6 66. R2b6 Rxb6 67. Rxb6+ Kf7 68. Rb7+ Kf6 69. Rb6+ Kf7 70. Re6 Rd3 71. Re5 Kf6 72. Ke2 Rd4 73. Ke3 Rd1 74. Re6+ Kf7 75. Rd6 Rg1 76. Ra6 Rd1 77. d6 Ke6 78. d7+ Kf7 79. Ra7 Kf6 80. Ke2 Rd5 81. Ke3 Rd1 82. Ra6+ Kf7 83. Ra7 Kf6 84. Kf2 Rd4 85. Ke2 Rd5 86. Ke3 Rd1 1/2-1/2

[Event "GRENKE Chess Open 2024"]
[Site "Karlsruhe"]
[Date "2024.03.31"]
[Round "7.14"]
[White "Nguyen, Alex Dac-Vuong"]
[Black "Braeuning, Rudolf Wilhelm"]
[Result "1-0"]
[WhiteElo "2381"]
[BlackElo "2188"]
[Annotator "RC"]
[PlyCount "85"]
[EventDate "2024.03.28"]
[EventType "swiss"]
[EventCountry "GER"]
[SourceTitle "playchess.com"]
[Source "ChessBase"]
[SourceQuality "1"]

1. c4 e5 2. Nc3 Bb4 3. g3 Bxc3 4. bxc3 d6 5. Bg2 Nc6 6. Rb1 f5 7. d3 Nf6 8. Qa4 O-O 9. Bg5 Qe8 10. c5 Kh8 11. Qa3 h6 12. h4 e4 13. cxd6 cxd6 14. Qxd6 exd3 15. Bf4 dxe2 16. Nxe2 Ne4 17. Qa3 b6 18. O-O Bb7 19. Rfe1 Qf7 20. f3 Nf6 21. Bd6 Rfe8 22. Nf4 Rad8 23. Red1 Na5 24. Bb4 Nc6 25. Qa4 Qc4 26. Bf1 Qf7 27. Bd6 Re3 28. Bg2 Kh7 29. Qc2 Ne5 30. Qxf5+ g6 31. Qxe5 Rxe5 32. Bxe5 Rxd1+ 33. Rxd1 Nd5 34. Bh3 Nxf4 35. gxf4 Bc6 36. Rd8 Be8 37. Rc8 Kg8 38. c4 Qe7 39. Kg2 h5 40. Rc7 Qxh4 41. Be6+ Bf7 42. Rc8+ Kh7 43. Rh8# 1-0

[Event "GRENKE Chess Open 2024"]
[Site "Karlsruhe"]
[Date "2024.03.31"]
[Round "7.15"]
[White "Meier, Georg"]
[Black "Baum, Jonasz"]
[Result "1-0"]
[WhiteElo "2620"]
[BlackElo "2400"]
[Annotator "TA"]
[PlyCount "79"]
[EventDate "2024.03.28"]
[EventType "swiss"]
[EventCountry "GER"]
[SourceTitle "playchess.com"]
[Source "ChessBase"]
[SourceQuality "1"]

1. Nf3 d5 2. g3 g6 3. Bg2 Bg7 4. d4 Nf6 5. O-O O-O 6. c4 c6 7. Ne5 Be6 8. cxd5 Bxd5 9. Nc3 Bxg2 10. Kxg2 Nbd7 11. Qb3 Qb6 12. Rd1 Qxb3 13. axb3 Rfd8 14. Nc4 Nb6 15. e4 Ne8 16. Be3 Nxc4 17. bxc4 Nd6 18. c5 Nc4 19. b3 Nxe3+ 20. fxe3 b6 21. b4 Rdc8 22. e5 b5 23. Ra6 h5 24. h3 Rc7 25. g4 hxg4 26. hxg4 Rd8 27. Kf3 e6 28. Rda1 Ra8 29. Ne4 Kf8 30. g5 Ke7 31. Nf6 Bxf6 32. exf6+ Kd7 33. e4 Kc8 34. d5 exd5 35. exd5 Kb7 36. Ke4 cxd5+ 37. Kxd5 Rd8+ 38. Rd6 Ra8 39. Ra5 a6 40. Rb6+ 1-0

[Event "GRENKE Chess Open 2024"]
[Site "Karlsruhe"]
[Date "2024.03.31"]
[Round "7.15"]
[White "Waldhausen Gordon, Frederick"]
[Black "Sydykov, Bayastan"]
[Result "1-0"]
[WhiteElo "2376"]
[BlackElo "2183"]
[Annotator "RC"]
[PlyCount "61"]
[EventDate "2024.03.28"]
[EventType "swiss"]
[EventCountry "GER"]
[SourceTitle "playchess.com"]
[Source "ChessBase"]
[SourceQuality "1"]

1. d4 d5 2. c4 e6 3. Nf3 Nf6 4. Nc3 a6 5. c5 b6 6. cxb6 c5 7. Bf4 Bd6 8. Bxd6 Qxd6 9. dxc5 Qxc5 10. Qd4 Qd6 11. e3 Nbd7 12. Be2 O-O 13. O-O e5 14. Qd2 Nxb6 15. h3 Bb7 16. Rfd1 Qe7 17. Rac1 Rad8 18. b3 Rd6 19. Qb2 Rfd8 20. Qa3 R8d7 21. Qa5 g6 22. a4 d4 23. Nxe5 dxc3 24. Nxd7 Rxd1+ 25. Rxd1 Nfxd7 26. Qxc3 Qg5 27. Bf1 Bf3 28. Rd4 Ne5 29. h4 Qe7 30. Qb4 Qc7 31. Qd6 1-0

[Event "GRENKE Chess Open 2024"]
[Site "Karlsruhe"]
[Date "2024.03.31"]
[Round "7.15"]
[White "Dolzhykova, Kateryna"]
[Black "Kilgus, Georg"]
[Result "1-0"]
[WhiteElo "2259"]
[BlackElo "2382"]
[Annotator "RC"]
[PlyCount "53"]
[EventDate "2024.03.28"]
[EventType "swiss"]
[EventCountry "GER"]
[SourceTitle "playchess.com"]
[Source "ChessBase"]
[SourceQuality "1"]

1. e4 c6 2. d3 d5 3. Nd2 e5 4. Ngf3 Bd6 5. d4 exd4 6. Bd3 Bg4 7. O-O Ne7 8. Re1 Bh5 9. e5 Bc7 10. Nb3 Bb6 11. e6 f6 12. Be2 Bxf3 13. Bxf3 c5 14. Bh5+ g6 15. Bh6 Rg8 16. Qf3 f5 17. Bg4 Nbc6 18. Bh3 c4 19. Nd2 Qd6 20. Bf4 Qc5 21. a3 O-O-O 22. b4 cxb3 23. cxb3 Qc3 24. Rac1 Qxf3 25. Nxf3 Bc7 26. Bxc7 Kxc7 27. Nxd4 1-0

[Event "GRENKE Chess Open 2024"]
[Site "Karlsruhe"]
[Date "2024.03.31"]
[Round "7.16"]
[White "Kazakouski, Valery"]
[Black "Hess, Max"]
[Result "1-0"]
[WhiteElo "2608"]
[BlackElo "2392"]
[Annotator "TA"]
[PlyCount "81"]
[EventDate "2024.03.28"]
[EventType "swiss"]
[EventCountry "GER"]
[SourceTitle "playchess.com"]
[Source "ChessBase"]
[SourceQuality "1"]

1. d4 d5 2. c4 e6 3. Nf3 Nf6 4. g3 dxc4 5. Bg2 c5 6. O-O Nc6 7. Qa4 Bd7 8. Qxc4 cxd4 9. Nxd4 Rc8 10. Nc3 Nxd4 11. Qxd4 Bc5 12. Qh4 Bc6 13. Rd1 Qa5 14. Bxc6+ Rxc6 15. Bg5 Be7 16. Ne4 Qe5 17. Nxf6+ Bxf6 18. Bxf6 Qxf6 19. Qxf6 gxf6 20. Rac1 Rxc1 21. Rxc1 Kd7 22. Kg2 Rc8 23. Rxc8 Kxc8 24. Kh3 Kd7 25. Kg4 Ke7 26. Kh5 Kf8 27. Kh6 Kg8 28. f4 f5 29. h3 Kh8 30. g4 fxg4 31. hxg4 Kg8 32. e4 Kh8 33. e5 Kg8 34. f5 exf5 35. gxf5 Kh8 36. f6 Kg8 37. Kg5 Kf8 38. Kh5 a5 39. a4 b6 40. b3 Kg8 41. Kh6 1-0

[Event "GRENKE Chess Open 2024"]
[Site "Karlsruhe"]
[Date "2024.03.31"]
[Round "7.16"]
[White "Zysk, Robert"]
[Black "Terryn, Ezra"]
[Result "1-0"]
[WhiteElo "2380"]
[BlackElo "2246"]
[Annotator "ChessBase"]
[PlyCount "55"]
[EventDate "2024.03.28"]
[EventType "swiss"]
[EventCountry "GER"]
[SourceTitle "playchess.com"]
[Source "ChessBase"]
[SourceQuality "1"]

1. Nf3 c5 2. e4 e6 3. c3 Nf6 4. e5 Nd5 5. Bc4 Nb6 6. Bb3 d6 7. O-O Bd7 8. d4 cxd4 9. cxd4 Bc6 10. Nc3 Be7 11. Bf4 O-O 12. Qe2 Na6 13. exd6 Bxd6 14. Ne5 Nd5 15. Bg3 Nxc3 16. bxc3 Bxe5 17. Bxe5 Nc7 18. Qg4 Ne8 19. Rad1 Qd7 20. Rfe1 Ba4 21. d5 Bxb3 22. axb3 a5 23. Bd4 Ra6 24. Bc5 f5 25. dxe6 Qb5 26. Qc4 Qxc4 27. bxc4 a4 28. Rd8 1-0

[Event "GRENKE Chess Open 2024"]
[Site "Karlsruhe"]
[Date "2024.03.31"]
[Round "7.16"]
[White "Krause, Jonah"]
[Black "Hebbinghaus, Holger"]
[Result "1-0"]
[WhiteElo "2374"]
[BlackElo "2181"]
[Annotator "RC"]
[PlyCount "57"]
[EventDate "2024.03.28"]
[EventType "swiss"]
[EventCountry "GER"]
[SourceTitle "playchess.com"]
[Source "ChessBase"]
[SourceQuality "1"]

1. e4 c6 2. d4 d5 3. e5 c5 4. dxc5 e6 5. Qh5 Nc6 6. Nf3 g6 7. Qg4 Bxc5 8. Bd3 Qc7 9. Qg3 Bd7 10. O-O Nb4 11. Nc3 Nxd3 12. cxd3 Bc6 13. Be3 Bf8 14. Rac1 Qd7 15. Nd4 Ne7 16. b4 Nf5 17. Nxf5 exf5 18. b5 d4 19. bxc6 bxc6 20. Bg5 dxc3 21. Bf6 Rg8 22. Rxc3 Qd5 23. Rfc1 Rc8 24. Qh4 Kd7 25. Qa4 Bh6 26. Rc4 Bxc1 27. Rd4 Qxd4 28. Qxd4+ Kc7 29. Qxa7# 1-0

[Event "GRENKE Chess Open 2024"]
[Site "Karlsruhe"]
[Date "2024.03.31"]
[Round "7.17"]
[White "Indjic, Aleksandar"]
[Black "Smolik, Jachym"]
[Result "1-0"]
[WhiteElo "2595"]
[BlackElo "2386"]
[Annotator "RC"]
[PlyCount "97"]
[EventDate "2024.03.28"]
[EventType "swiss"]
[EventCountry "GER"]
[SourceTitle "playchess.com"]
[Source "ChessBase"]
[SourceQuality "1"]

1. Nf3 d5 2. e3 Nf6 3. c4 e6 4. Nc3 c5 5. cxd5 exd5 6. d4 Nc6 7. Bb5 Bd6 8. dxc5 Bxc5 9. O-O O-O 10. Bxc6 bxc6 11. Qc2 Bd6 12. b3 Bg4 13. Bb2 Qe7 14. Ne2 Rac8 15. Ng3 Bxf3 16. gxf3 Qe6 17. Kg2 Nd7 18. f4 Rfd8 19. Rg1 Bf8 20. Kh1 c5 21. Rad1 Nb6 22. f5 Qc6 23. f3 d4 24. e4 Rd7 25. Qg2 Qh6 26. Bc1 Qh4 27. Ne2 Qd8 28. Nf4 Rc6 29. Nh5 g6 30. e5 Rd5 31. f4 Qh4 32. Ng3 Qg4 33. h3 Qh4 34. f6 c4 35. bxc4 Rxc4 36. Bd2 d3 37. Nf5 Qh5 38. Ng3 Qh4 39. Rgf1 Ra4 40. Nf5 Qh5 41. Ne7+ Kh8 42. Nxd5 Nxd5 43. Rc1 Rd4 44. Rc8 Kg8 45. Rb1 Nb6 46. Rxf8+ Kxf8 47. Qa8+ Nxa8 48. Rb8+ Rd8 49. Rxd8# 1-0

[Event "GRENKE Chess Open 2024"]
[Site "Karlsruhe"]
[Date "2024.03.31"]
[Round "7.17"]
[White "Kaufeld, Juergen"]
[Black "Roser, Kevin"]
[Result "1/2-1/2"]
[WhiteElo "2257"]
[BlackElo "2379"]
[Annotator "RC"]
[PlyCount "92"]
[EventDate "2024.03.28"]
[EventType "swiss"]
[EventCountry "GER"]
[SourceTitle "playchess.com"]
[Source "ChessBase"]
[SourceQuality "1"]

1. e4 c5 2. Nf3 Nc6 3. Bb5 g6 4. O-O Bg7 5. Re1 e5 6. b4 Nxb4 7. c3 Nc6 8. d4 cxd4 9. cxd4 exd4 10. Ba3 Nge7 11. Bd6 O-O 12. a4 b6 13. Qd3 Bb7 14. Qa3 Re8 15. Bc4 Nc8 16. Bg3 Qe7 17. Qc1 Nd6 18. Bd5 Ne5 19. Bxe5 Bxe5 20. Na3 Rac8 21. Qd2 Bxd5 22. exd5 Qf6 23. a5 b5 24. a6 Nc4 25. Qd3 Nxa3 26. Qxa3 Rc3 27. Qa2 Rxf3 28. gxf3 Qf4 29. Kf1 Qxf3 30. Kg1 Qg4+ 31. Kh1 Qf3+ 32. Kg1 Qg4+ 33. Kh1 Qh3 34. f4 Qf3+ 35. Qg2 Qxf4 36. Re4 Qf6 37. Rae1 d6 38. Rxd4 Rc8 39. Rd3 Rc4 40. Rf3 Rf4 41. Rxf4 Qxf4 42. Rf1 Qe3 43. Rf3 Qd4 44. Rf1 Qd3 45. Rc1 Bc3 46. Qg5 Kg7 1/2-1/2

[Event "GRENKE Chess Open 2024"]
[Site "Karlsruhe"]
[Date "2024.03.31"]
[Round "7.17"]
[White "Soucek, Petr"]
[Black "Beikert, Guenther"]
[Result "0-1"]
[WhiteElo "2209"]
[BlackElo "2370"]
[Annotator "ChessBase"]
[PlyCount "82"]
[EventDate "2024.03.28"]
[EventType "swiss"]
[EventCountry "GER"]
[SourceTitle "playchess.com"]
[Source "ChessBase"]
[SourceQuality "1"]

1. e4 e5 2. Nf3 Nc6 3. Nc3 g6 4. d4 exd4 5. Nxd4 Bg7 6. Nxc6 bxc6 7. Bc4 Ne7 8. Bg5 h6 9. Bh4 O-O 10. Qd2 Qe8 11. O-O-O d6 12. Rhe1 Be6 13. Bb3 a5 14. Ba4 Rb8 15. b3 g5 16. Bg3 Ng6 17. Nd5 Bxd5 18. exd5 Qd8 19. Bxc6 Rb4 20. c3 Rb8 21. Kc2 Qf6 22. Re4 Ne7 23. f4 Nxc6 24. dxc6 Rb6 25. Rc4 a4 26. b4 Rb5 27. fxg5 hxg5 28. Qd3 d5 29. Rg4 Qxc6 30. Rxg5 Rxb4 31. Be5 f6 32. Rg6 a3 33. Qg3 Rb2+ 34. Kc1 Rfb8 35. Rxg7+ Kh8 36. Rxc7 Rc2+ 37. Kxc2 Qa4+ 38. Kc1 Rb1+ 39. Kd2 Rb2+ 40. Ke1 Qe4+ 41. Kf1 Qe2+ 0-1

[Event "GRENKE Chess Open 2024"]
[Site "Karlsruhe"]
[Date "2024.03.31"]
[Round "7.18"]
[White "Zuferi, Enis"]
[Black "Pultinevicius, Paulius"]
[Result "0-1"]
[WhiteElo "2400"]
[BlackElo "2575"]
[Annotator "TA"]
[PlyCount "72"]
[EventDate "2024.03.28"]
[EventType "swiss"]
[EventCountry "GER"]
[SourceTitle "playchess.com"]
[Source "ChessBase"]
[SourceQuality "1"]

1. d4 Nf6 2. c4 e6 3. Nc3 d5 4. cxd5 exd5 5. Bg5 c6 6. e3 h6 7. Bh4 Be7 8. Bd3 O-O 9. Bg3 Nbd7 10. h3 b5 11. Qc2 Nb6 12. Nf3 Be6 13. O-O Qc8 14. Ne5 Qb7 15. f4 Rac8 16. f5 Bd7 17. Bh4 Rfe8 18. Qf2 b4 19. Ne2 c5 20. Nf4 cxd4 21. exd4 Nc4 22. Kh1 Bb5 23. Qg3 Nxe5 24. dxe5 Ne4 25. Bxe4 Bxh4 26. Qxh4 dxe4 27. Qg3 Qc7 28. f6 g5 29. Qg4 Bxf1 30. Qh5 Kh7 31. Rc1 Bc4 32. Nd5 Bxd5 33. Rxc7 Rxc7 34. Qd1 Rxe5 35. Qd4 Rf5 36. Kh2 Rc2 0-1

[Event "GRENKE Chess Open 2024"]
[Site "Karlsruhe"]
[Date "2024.03.31"]
[Round "7.18"]
[White "Gaal, Zsoka"]
[Black "Boev, Viktor"]
[Result "1/2-1/2"]
[WhiteElo "2379"]
[BlackElo "2242"]
[Annotator "RC"]
[PlyCount "30"]
[EventDate "2024.03.28"]
[EventType "swiss"]
[EventCountry "GER"]
[SourceTitle "playchess.com"]
[Source "ChessBase"]
[SourceQuality "1"]

1. d4 d5 2. c4 e6 3. Nc3 c6 4. e3 Nf6 5. Nf3 Nbd7 6. Be2 Bd6 7. O-O O-O 8. b3 Qe7 9. Bb2 b6 10. Qc2 Bb7 11. e4 dxe4 12. Nxe4 Nxe4 13. Qxe4 Nf6 14. Qh4 Ba3 15. Bc3 Bb4 1/2-1/2

[Event "GRENKE Chess Open 2024"]
[Site "Karlsruhe"]
[Date "2024.03.31"]
[Round "7.19"]
[White "Yelisieiev, Yevhenii"]
[Black "Papp, Gabor"]
[Result "0-1"]
[WhiteElo "2411"]
[BlackElo "2558"]
[Annotator "TA"]
[PlyCount "132"]
[EventDate "2024.03.28"]
[EventType "swiss"]
[EventCountry "GER"]
[SourceTitle "playchess.com"]
[Source "ChessBase"]
[SourceQuality "1"]

1. d4 Nf6 2. Nf3 e6 3. c4 d5 4. Nc3 dxc4 5. e4 b5 6. e5 Nd5 7. Nxb5 Nb6 8. Be2 Nc6 9. O-O Be7 10. Be3 O-O 11. Nc3 Rb8 12. Ne4 Bb7 13. Ned2 Na5 14. Qc2 Qd5 15. Rac1 Rfc8 16. Rfd1 h6 17. Ne1 Bb4 18. Bf3 Qd8 19. Bxb7 Rxb7 20. Qe4 Nd5 21. a3 Bf8 22. Nxc4 Nxc4 23. Rxc4 Rxb2 24. Bc1 Rb3 25. Qc2 Rcb8 26. a4 R3b4 27. Rxb4 Nxb4 28. Qc4 Qd7 29. Qb3 Rb6 30. Be3 Nd5 31. Qc2 Rc6 32. Qd3 Rc3 33. Qa6 Nxe3 34. fxe3 Rxe3 35. Qxa7 Ra3 36. a5 Qa4 37. Rc1 c5 38. Nf3 Qxa5 39. Qxa5 Rxa5 40. dxc5 Bxc5+ 41. Kf1 g5 42. h3 Kg7 43. Ke2 Ra2+ 44. Kd3 Ba7 45. Rc2 Ra3+ 46. Rc3 Ra1 47. Rc8 Bf2 48. Rc2 Bg3 49. Re2 Ra5 50. Re3 Kg6 51. Re2 Rd5+ 52. Kc3 h5 53. Re4 Kf5 54. Ra4 Bxe5+ 55. Kc2 g4 56. hxg4+ hxg4 57. Ne1 Bg3 58. Nd3 e5 59. Ra1 Kg5 60. Ra6 Bf4 61. Kc3 e4 62. Nb4 Rd1 63. Ra5+ f5 64. Nd5 e3 65. g3 Be5+ 66. Kc2 e2 0-1

[Event "GRENKE Chess Open 2024"]
[Site "Karlsruhe"]
[Date "2024.03.31"]
[Round "7.19"]
[White "Cernov, Vadim"]
[Black "Ermitsch, Magnus"]
[Result "0-1"]
[WhiteElo "2255"]
[BlackElo "2375"]
[Annotator "RC"]
[PlyCount "46"]
[EventDate "2024.03.28"]
[EventType "swiss"]
[EventCountry "GER"]
[SourceTitle "playchess.com"]
[Source "ChessBase"]
[SourceQuality "1"]

1. e4 c5 2. Nf3 e6 3. g3 Nc6 4. Bg2 Nf6 5. Qe2 e5 6. O-O Be7 7. Nc3 O-O 8. Nd5 d6 9. c3 Re8 10. d3 h6 11. Nxe7+ Qxe7 12. a3 a5 13. a4 Be6 14. Nd2 Rad8 15. Nc4 d5 16. exd5 Bxd5 17. Bxd5 Rxd5 18. Be3 Qd8 19. Qc2 Rxd3 20. Bxc5 e4 21. Qb3 Qd5 22. Qb5 Qe6 23. Bd4 Rxd4 0-1

[Event "GRENKE Chess Open 2024"]
[Site "Karlsruhe"]
[Date "2024.03.31"]
[Round "7.19"]
[White "Spiric, Igor"]
[Black "Stijve, Theo"]
[Result "0-1"]
[WhiteElo "2202"]
[BlackElo "2356"]
[Annotator "RC"]
[PlyCount "82"]
[EventDate "2024.03.28"]
[EventType "swiss"]
[EventCountry "GER"]
[SourceTitle "playchess.com"]
[Source "ChessBase"]
[SourceQuality "1"]

1. d4 Nf6 2. c4 e6 3. Nc3 Bb4 4. e3 O-O 5. Qc2 Re8 6. Bd3 Nc6 7. Nf3 e5 8. dxe5 Nxe5 9. Nxe5 Rxe5 10. a3 Bxc3+ 11. Qxc3 Qe7 12. O-O b6 13. f3 d5 14. cxd5 Rxd5 15. Bc4 Rh5 16. Rd1 Bb7 17. b4 c5 18. Bb2 Qc7 19. f4 Re8 20. b5 Rh6 21. Qd3 Rg6 22. Bxf6 Rxg2+ 23. Kf1 gxf6 24. Qd7 Re7 25. Qh3 Rg6 26. Bd5 Bc8 27. f5 Rg5 28. Rd2 Bxf5 29. Qh6 Qe5 30. Re1 Rd7 31. Red1 Qe7 32. e4 Bg4 33. Bc6 Rxd2 34. Rxd2 Rg6 35. Qf4 c4 36. Qb8+ Kg7 37. Rd8 Qe5 38. Rg8+ Kh6 39. Qf8+ Kh5 40. Qxf7 Qf4+ 41. Kg1 Qe3+ 0-1

[Event "GRENKE Chess Open 2024"]
[Site "Karlsruhe"]
[Date "2024.03.31"]
[Round "7.20"]
[White "Cukrowski, Filip"]
[Black "Meshkovs, Nikita"]
[Result "1-0"]
[WhiteElo "2394"]
[BlackElo "2556"]
[Annotator "TA"]
[PlyCount "73"]
[EventDate "2024.03.28"]
[EventType "swiss"]
[EventCountry "GER"]
[SourceTitle "playchess.com"]
[Source "ChessBase"]
[SourceQuality "1"]

1. d4 Nf6 2. c4 e6 3. Nf3 a6 4. Nbd2 d5 5. g3 Nc6 6. Bg2 Bd6 7. O-O O-O 8. Qc2 Re8 9. a3 Bf8 10. Rd1 g6 11. e4 dxe4 12. Nxe4 Nxe4 13. Qxe4 e5 14. Bg5 exd4 15. Qh4 Qd6 16. Nxd4 Nxd4 17. Rxd4 Qb6 18. Rd2 Bg7 19. Rad1 a5 20. Be3 Qf6 21. Bg5 Qa6 22. Qf4 c6 23. h4 Bf5 24. h5 Be5 25. Qh4 gxh5 26. Bf3 Bg6 27. Kg2 Bg7 28. b3 Qb6 29. Bxh5 Be4+ 30. f3 Bg6 31. Bxg6 hxg6 32. Rh1 Qc5 33. Qh7+ Kf8 34. Bh6 Bxh6 35. Qxh6+ Ke7 36. Qh4+ Kf8 37. Qh8+ 1-0

[Event "GRENKE Chess Open 2024"]
[Site "Karlsruhe"]
[Date "2024.03.31"]
[Round "7.20"]
[White "Glantz, Robert"]
[Black "Bogdanov, Artyom"]
[Result "1/2-1/2"]
[WhiteElo "2375"]
[BlackElo "2243"]
[Annotator "RC"]
[PlyCount "148"]
[EventDate "2024.03.28"]
[EventType "swiss"]
[EventCountry "GER"]
[SourceTitle "playchess.com"]
[Source "ChessBase"]
[SourceQuality "1"]

1. e4 e5 2. Bc4 Nf6 3. d3 c6 4. Nf3 d5 5. Bb3 Bb4+ 6. Bd2 Bxd2+ 7. Qxd2 O-O 8. Nxe5 Qe7 9. f4 dxe4 10. d4 Be6 11. Nc3 Bxb3 12. axb3 Nd5 13. O-O f6 14. Nxd5 cxd5 15. Ng4 Nc6 16. Ne3 Rad8 17. c3 f5 18. Qe2 a6 19. h3 g6 20. g4 fxg4 21. hxg4 Qd6 22. Qh2 Ne7 23. Qh6 Rf6 24. Rf2 Rdf8 25. Raf1 a5 26. Qg5 b6 27. Kg2 R8f7 28. Qe5 Re6 29. Qg5 Ref6 30. Qe5 Re6 31. Qxd6 Rxd6 32. f5 Kg7 33. Kg3 Rdf6 34. Rf4 g5 35. R4f2 Rf8 36. Rh1 Rd8 37. Kg2 h6 38. Kf1 Ng8 39. Ke2 Rc6 40. Rfh2 Rd7 41. Kd2 Rd8 42. Kc2 Rd7 43. Ra1 Nf6 44. Rah1 Ng8 45. Kd1 Rd8 46. Ke2 Rd7 47. Nc2 Ra7 48. Kd2 Ra8 49. Ne3 Rd8 50. Rh3 Rd7 51. Ke2 Rd8 52. c4 dxc4 53. d5 Rc5 54. bxc4 b5 55. Kd2 bxc4 56. Kc3 Rb5 57. Kd4 Rxb2 58. Rc1 Rd2+ 59. Ke5 Nf6 60. Rxc4 Rd3 61. Rc7+ Rd7 62. Rxd7+ Nxd7+ 63. Ke6 Nf6 64. d6 a4 65. Rh1 Rxe3 66. Rc1 Rd3 67. Rc7+ Kg8 68. Rc8+ Kg7 69. Rc7+ Kg8 70. Rc8+ Kg7 71. Rc7+ Kg8 72. Kxf6 Rxd6+ 73. Ke5 Ra6 74. f6 Ra5+ 1/2-1/2

[Event "GRENKE Chess Open 2024"]
[Site "Karlsruhe"]
[Date "2024.03.31"]
[Round "7.20"]
[White "Gloeckler, Christian"]
[Black "Hamid, Emran"]
[Result "1-0"]
[WhiteElo "2356"]
[BlackElo "2177"]
[Annotator "RC"]
[PlyCount "67"]
[EventDate "2024.03.28"]
[EventType "swiss"]
[EventCountry "GER"]
[SourceTitle "playchess.com"]
[Source "ChessBase"]
[SourceQuality "1"]

1. e4 c5 2. Nf3 Nc6 3. Bb5 g6 4. Bxc6 dxc6 5. O-O Bg7 6. d3 Nf6 7. a4 a5 8. Re1 Nd7 9. Na3 e5 10. Be3 Qc7 11. c3 O-O 12. Qd2 Rd8 13. Bg5 f6 14. Bh6 Nf8 15. Bxg7 Kxg7 16. Qe3 Bg4 17. Nd2 Be6 18. h3 b6 19. Nf3 Qd7 20. Red1 Bf7 21. d4 Ne6 22. dxe5 Qxd1+ 23. Rxd1 Rxd1+ 24. Kh2 Rad8 25. exf6+ Kxf6 26. Qh6 Nf8 27. Nc2 Ke7 28. Ne3 Rb1 29. Ne5 Rd6 30. N3g4 Nd7 31. Qg7 Nxe5 32. Nxe5 Rf6 33. Ng4 Re6 34. Nh6 1-0

[Event "GRENKE Chess Open 2024"]
[Site "Karlsruhe"]
[Date "2024.03.31"]
[Round "7.21"]
[White "Noe, Christopher"]
[Black "Nothnagel, Marian Can"]
[Result "1/2-1/2"]
[WhiteElo "2527"]
[BlackElo "2381"]
[Annotator "TA"]
[PlyCount "87"]
[EventDate "2024.03.28"]
[EventType "swiss"]
[EventCountry "GER"]
[SourceTitle "playchess.com"]
[Source "ChessBase"]
[SourceQuality "1"]

1. d4 Nf6 2. c4 g6 3. Nc3 Bg7 4. e4 d6 5. f3 O-O 6. Be3 c5 7. d5 e6 8. Qd2 exd5 9. cxd5 Re8 10. Nge2 a6 11. a4 Nbd7 12. Ng3 h5 13. Be2 h4 14. Nf1 Nh7 15. Bf2 Ne5 16. h3 f5 17. f4 Nf7 18. exf5 Bxf5 19. Ne3 Nf6 20. Bxh4 Rxe3 21. Qxe3 Nxd5 22. Nxd5 Qxh4+ 23. g3 Qd8 24. Ne7+ Kf8 25. Nxf5 gxf5 26. Rd1 Qa5+ 27. Qd2 Qxa4 28. O-O Bd4+ 29. Kg2 Re8 30. Bf3 Re4 31. Bxe4 fxe4 32. Qe2 d5 33. h4 Nd6 34. Qh5 Nc4 35. Rfe1 Nxb2 36. Qf5+ Kg7 37. Qg5+ Kf8 38. Qd8+ Kg7 39. Qc7+ Kf6 40. Qd6+ Kg7 41. Qe7+ Kg8 42. Qd8+ Kg7 43. Qe7+ Kg8 44. Qd8+ 1/2-1/2